El significado del arte / (Record no. 125958)

MARC details
000 -LEADER
campo de control de longitud fija 00559nam a2200181 4500
001 - NÚMERO DE CONTROL
campo de control 125958
003 - IDENTIFICADOR DE NÚMERO DE CONTROL
campo de control ES-MaACL
005 - FECHA Y HORA DE LA ÚLTIMA TRANSACCIÓN
campo de control 20230906192728.0
007 - CAMPO FIJO DE DESCRIPCIÓN FÍSICA--INFORMACIÓN GENERAL
campo de control de longitud fija t|
008 - DATOS DE LONGITUD FIJA--INFORMACIÓN GENERAL
campo de control de longitud fija 070214s1954 ag r ||||1| spa d
100 1# - ENTRADA PRINCIPAL--NOMBRE DE PERSONA
Nombre de persona Read, Herbert.
9 (RLIN) 95668
245 13 - MENCIÓN DEL TÍTULO
Título El significado del arte /
Mención de responsabilidad, etc. Herbert Read ; traducción de Leonor Acevedo de Borges.
260 ## - PUBLICACIÓN, DISTRIBUCIÓN, ETC.
Lugar de publicación, distribución, etc. Buenos Aires :
Nombre del editor, distribuidor, etc. Losada,
Fecha de publicación, distribución, etc. 1954.
300 ## - DESCRIPCIÓN FÍSICA
Extensión 199 p., 24 lám. ;
Dimensiones 21 cm.
700 1# - ENTRADA AGREGADA--NOMBRE PERSONAL
Nombre de persona Acevedo de Borges, Leonor,
Fechas asociadas al nombre 1876-1975
9 (RLIN) 18247
852 ## - LOCALIZACIÓN
Ubicación ES-MaACL
Número de control de estantería C-16579
Sublocalización o colección R.44655
Holdings
Estatus retirado Estado de pérdida Estado de daño No para préstamo Biblioteca de origen Biblioteca actual Ubicación en estantería Fecha de adquisición Fuente de adquisición Total de préstamos Signatura topográfica completa Código de barras Visto por última vez Precio de reemplazo Tipo de ítem Koha
        Biblioteca del Ateneo de Madrid Biblioteca del Ateneo de Madrid Galería 17/01/2008     C-16579 1131205 23/02/2023 23/02/2023 Libro impreso